| 000 | 00695cam a22002172a 4500 | ||
|---|---|---|---|
| 999 |
_c15158 _d15158 |
||
| 001 | 009361 | ||
| 003 | AR-FADEU | ||
| 005 | 20230829114929.0 | ||
| 008 | 311216n1995####xxu####################dd | ||
| 040 | _cBiblioteca Ernesto Sábato | ||
| 092 |
_a922.827 36 _bB443 _ePRODO |
||
| 100 | _aBelli, Jaime | ||
| 245 | _aEl padre A. Stefenelli : y la agricultura y el riego en el alto valle de Río Negro | ||
| 260 | _aBahía Blanca | ||
| 260 | _bColegio San Miguel de P. Alejandro Stefenelli | ||
| 260 | _c1995 | ||
| 300 | _a107 p. :il | ||
| 440 |
_aDocumento patagonico _n5 |
||
| 650 | _aSTEFENELLI, ALEJANDRO; AGRICULTURA-ALTO VALLE; RIEGO-ALTO VALLE/DO18//PRODO/ | ||
| 942 |
_cBDGR _2ddc |
||